Normal view
MARC view
Entry Personal Name
001 - CONTROL NUMBER
- control field: 59612
003 - CONTROL NUMBER IDENTIFIER
- control field: OSt
005 - DATE AND TIME OF LATEST TRANSACTION
- control field: 20260225123656.0
008 - FIXED-LENGTH DATA ELEMENTS
- fixed length control field: 260225|| aca||aabn | a|a d
040 ## - CATALOGING SOURCE
- Original cataloging agency: OSt
- Transcribing agency: OSt
100 ## - HEADING--PERSONAL NAME
- Personal name: Sahoo, Smruti, Ranjan Kumar, Dinesh and Arora, Kashika
670 ## - SOURCE DATA FOUND
- Source citation: Work cat.: (OSt)528265: Sahoo, Smruti, Ranjan Kumar, Dinesh and Arora, Kashika , Does participation in the global value chain affect product sophistication of family firms: Evidence from the Indian manufacturing sector
